000
00328nam a2200133Ia 4500
008
231129s2005||||xx |||||||||||||| ||spa||
020
_a
84-8055-799-0 (obra
040
_b
spa
082
_a
R 641.5 C659
245
0
_a
La cocina de hoy
260
_c
2005
264
_a
Cultural
942
_2
ddc
_c
BKS
999
_c
16668
_d
16668